000 01830nam a2200241Ia 4500
008 260220t1973||||xx |||||||||||||| ||spa||
040 _aPY-SlUNAC
_bspa
_erda
041 _aspa
082 _a515.35
_bC648i
100 _aCoddington, Earl A.
_eAutor
245 0 _aIntroducción a las ecuaciones diferenciales ordinarias /
_cpor Earl A. Coddington [Autor]
264 _aCiudad de México :
_bContinental,
_c℗1973.
300 _a1 volumen
520 _aEn "Introducción a las ecuaciones diferenciales ordinarias", Earl A. Coddington ofrece una exposición clara y accesible de los conceptos fundamentales relacionados con las ecuaciones diferenciales ordinarias (EDOs). El texto se estructura de manera didáctica, comenzando con definiciones básicas y avanzando hacia métodos y teoremas más complejos. Coddington aborda tanto soluciones analíticas como numéricas, proporcionando una variedad de ejemplos y ejercicios que facilitan la comprensión de los temas tratados. Entre los temas destacados se encuentran la existencia y unicidad de soluciones, la teoría de sistemas lineales, y la transformación de Laplace, así como las aplicaciones de estas herramientas en problemas de la física y la ingeniería. El autor también discute métodos avanzados de resolución y la importancia de las EDOs en contextos multidisciplinarios. A través de su enfoque metódico y riguroso, el libro se convierte en una referencia esencial para estudiantes y profesionales que buscan profundizar en el estudio de las ecuaciones diferenciales ordinarias.
653 _aAnálisis matemático
653 _aEcuaciones diferenciales
653 _aMatemáticas
942 _b2026/02/17
_cBK
999 _c7576
_d7576